Fußball Top 10 #24 (Top-Torschützen des FC Barcelonas) - Statistiken

Allgemein
  • Dieses Quiz wurde 78 mal gespielt
  • Das Durchschnittsergebnis liegt bei 6 aus 10
Antwortstatistiken
Platz Tore Spieler % Korrekt
1 672 Lionel Messi
98%
2 195 Luis Suarez
95%
8 105 Neymar
88%
6 109 Robert Lewandowski
71%
3 130 Samuel Eto‘o
67%
10 94 Ronaldinho
64%
9 99 Pedro
48%
4 130 Rivaldo
47%
5 122 Patrick Kluivert
23%
7 108 Luis Enrique
9%
Keine übereinstimmenden Quizze gefunden
Verteilung der Resultate
Anzahl Personen mit jedem Resultat
Perzentil nach korrekt beantworteten Fragen
Ihre Resultats-Entwicklung
Sie haben dieses Quiz noch nicht gespielt